000 01592cam0 2200397 ib4500
001 BY-HR0002-br20181012573
005 20260115115654.0
010 ^a978-5-378-23173-7
^d1р.50к.
035 ^a(BY-MI0006)BY-HR0002-br20181012573
100 ^a20180326d2017 b y0rusy50 ca
101 0 ^arus
102 ^aRU
105 ^aa z 000gy
109 ^ama
200 1 ^aАзбука для мальчиков
^e[для чтения взрослыми детям]
^fОксана Балуева
210 ^aРостов-на-Дону
^cПроф-Пресс
^d2017
215 ^a[11] с., включая обложку
^cцв. ил.
^d22 см
333 ^a0+
345 ^95000 экз.
606 0 ^aАЗБУКИ
^3BY-NLB-ar3208539
^2DVNLB
606 0 ^aПОЭЗИЯ
^3BY-NLB-ar25014
^2DVNLB
606 0 ^aРУССКАЯ ЛИТЕРАТУРА
^3BY-NLB-ar28702
^2DVNLB
606 0 ^aДЕТСКАЯ И ЮНОШЕСКАЯ ЛИТЕРАТУРА
^3BY-NLB-ar2691728
^2DVNLB
608 ^aДЕТСКАЯ И ЮНОШЕСКАЯ ЛИТЕРАТУРА (художеств. произведение)
^3BY-NLB-ar9019
^2BYGNR
608 ^aСТИХОТВОРЕНИЕ
^3BY-NLB-ar32087
^2BYGNR
608 ^aАЗБУКА
^3BY-NLB-ar3208526
^2BYGNR
686 ^a84
^2rubbk
690 ^a1
^2Base
^9BY-MI0006
^xRSEK
700 1 ^aБалуева
^bО.
^gОксана
702 1 ^aЕрмакова
^bЕ.
^3BY-SEK-221804
^4040
801 0 ^aBY
^bBY-HR0002
^c20180326
^gpsbo
801 2 ^aBY
^bBY-MI0006
^c20260115
^gRCR
899 0 ^aBY-MI0006
^iБ20
^h84